000 00366 a2200157 4500
001 60021
020 _a9783468967030
040 _cAnchieta - Pituba
100 _aPressler, Mirjam
240 1 0 _aBitterschokolade
_lpor
245 1 0 _aBitterschokolade
300 _a40
362 0 _a1993
650 4 _aLínguas germânicas (teutônicas) língua alemã
942 _cBK
999 _c60021
_d60021